Plus grandes villes des pays commençant par N - Statistiques

Statistiques générales
  • Ce quiz a été pris 34 fois
  • Le résultat moyen est 7 sur 20
Statistiques - réponses
Nombre d'habitants Ville % Correct
1 570 000 habitants Niamey
81%
22 000 000 habitants Lagos
77%
1 750 000 habitants Oslo
77%
6 300 000 habitants Abuja
68%
2 950 000 habitants Katmandou
65%
1 550 000 habitants Managua
58%
1 730 000 habitants Auckland
55%
4 400 000 habitants Kano
42%
6 200 000 habitants Ibadan
35%
2 200 000 habitants Port Harcourt
32%
2 400 000 habitants Bénin City
26%
1 100 000 habitants Maiduguri
19%
2 650 000 habitants Aba
13%
1 400 000 habitants Kaduna
13%
7 430 000 habitants Onitsha
13%
1 500 000 habitants Ilorin
10%
900 000 habitants Jos
10%
1 450 000 habitants Owerri
6%
1 120 000 habitants Abeokuta
3%
2 450 000 habitants Nnewi
3%
Aucun quiz correspondant
Distribution des résultats
% des personnes avec chaque résultat
Percentile par nombre de réponses
Votre historique - résultats
Vous n’avez pas pris ce quiz